Attitudes towards waste minimisation amongst labour only sub-contractors (Record no. 117827)

MARC details
000 -LEADER
fixed length control field 01362cam a2200253 4500
001 - CONTROL NUMBER
control field ABS68177
008 - FIXED-LENGTH DATA ELEMENTS--GENERAL INFORMATION
fixed length control field 040809n2004 000 0 eng u
035 ## - SYSTEM CONTROL NUMBER
System control number (Sirsi) u127028
100 ## - MAIN ENTRY--PERSONAL NAME
Personal name Saunders, J.
245 ## - TITLE STATEMENT
Title Attitudes towards waste minimisation amongst labour only sub-contractors
260 ## - PUBLICATION, DISTRIBUTION, ETC.
Date of publication, distribution, etc. 2004
490 ## - SERIES STATEMENT
Series statement Structural Survey
Volume/sequential designation 22(3) 2004, 148-155(8)
520 ## - SUMMARY, ETC.
Summary, etc. Waste generation by the construction industry is a significant issue. The paper examines previous studies about attitudes towards waste management within the industry and sets out to examine: the extent of labour only sub-contractors' awareness and understanding of waste as an issue; their perceptions of the causes of waste and their attitudes towards the allocation of financial responsibility for waste minimisation. A survey shows that the results of previous studies can be extended to labour only sub-contractors and it identifies a willingness, beyond what might have been anticipated for this group, to accept some of the costs of waste reduction. [Taken from journal abstract].
590 ## - LOCAL NOTE (RLIN)
Local note ABS
590 ## - LOCAL NOTE (RLIN)
Local note ABS
650 ## - SUBJECT ADDED ENTRY--TOPICAL TERM
Topical term or geographic name entry element CONSTRUCTION INDUSTRY
650 ## - SUBJECT ADDED ENTRY--TOPICAL TERM
Topical term or geographic name entry element LABOUR-ONLY SUBCONTRACTING
650 ## - SUBJECT ADDED ENTRY--TOPICAL TERM
Topical term or geographic name entry element WASTE MINIMISATION
650 ## - SUBJECT ADDED ENTRY--TOPICAL TERM
Topical term or geographic name entry element CONSTRUCTION WASTE
650 ## - SUBJECT ADDED ENTRY--TOPICAL TERM
Topical term or geographic name entry element SUBCONTRACTORS
690 ## - LOCAL SUBJECT ADDED ENTRY--TOPICAL TERM (OCLC, RLIN)
Topical term or geographic name as entry element WASTE MANAGEMENT
700 ## - ADDED ENTRY--PERSONAL NAME
Personal name Wynn, P.
942 ## - ADDED ENTRY ELEMENTS (KOHA)
Suppress in OPAC 0
Holdings
Withdrawn status Lost status Source of classification or shelving scheme Damaged status Not for loan Home library Current library Shelving location Date acquired Total Checkouts Full call number Barcode Date last seen Copy number Price effective from Koha item type
    Dewey Decimal Classification     London London Journal article 09/08/2004   ABS68177 127028-1001 06/08/2019 1 06/08/2019 Journal article